| 000 | 00661nam a2200217 a 4500 | ||
|---|---|---|---|
| 001 | 68327 | ||
| 003 | BD-RjUL | ||
| 005 | 20211209081745.0 | ||
| 008 | 750923s1954 nyua 001 0 eng | ||
| 035 | _a(BD-RjUL)68537 | ||
| 040 |
_aDLC _cTxDN _dTxDN _dOCoLC _dUk _dDLC _dBD-RjUL _beng |
||
| 041 | _aeng | ||
| 082 |
_223 _a621.38 _bBRE 1954 |
||
| 100 | 1 |
_aBrown, Thomas Benjamin, _d1892- _9155053 |
|
| 245 | 1 | 0 |
_aElectronics : _ba textbook for students in science and engineering / _cThomas Benjamin Brown |
| 260 |
_aNew York : _bWiley, _c1954 |
||
| 300 |
_a545 p. : _bill. ; _c24 cm. |
||
| 500 | _aIncludes index | ||
| 650 | 0 |
_aElectronics. _9202562 |
|
| 942 |
_2ddc _cBK |
||
| 999 |
_c68327 _d68327 |
||